000 00297nam a22001337a 4500
003 SGT
020 _a81-8054-705-1
082 _a519.5
_bGUP
100 _aGUPTA, S.C.
245 _aFUNDAMENTALS OF APPLIED STATISTICS
260 _aDELHI
_bS.CHAND
_c2019
300 _a9.74
942 _2ddc
_cBK
_076
999 _c19050
_d19050